000 00592nam a2200205Ia 4500
003 GCL
008 140319s9999 xx 000 0 ara d
040 _aGCL /
_cGCL
082 0 4 _a962.4
_bم ب
100 1 _aمحمد ابراهيم ابوسليم
245 1 0 _aبحوث فى تاريخ السودان /
_cمحمد ابراهيم ابوسليم
260 _a[S.N] :
_bدار الجيل ،
_c1992
300 _a191
490 _a
650 0 4 _aالعصر الحديث
650 0 4 _aتاريخ
650 0 4 _aالسودان
650 0 4 _aالثورة المهدية
942 _2ddc
_cBK
999 _c53655
_d53655